000 00836cam a22002651a 4500
001 sa 68000110
003 DLC
005 20260227112420.0
008 890725s1966 ii b 000 0 hino
010 _asa 68000110
035 _a(OCoLC)20067275
040 _aDLC
_cWaU
_dWU
_dDLC
042 _apremarc
043 _aa-ii---
050 0 0 _aML3797.1
_b.B7
100 1 _aBr̥haspati,
_cĀcārya,
_d1918-1979.
245 1 0 _aSaṅgīta-cintāmani /
_cĀcārya Brahaspati, Śrīmatī Sumatrākumārī ; smpādaka, Lakśmīnārāyaṇa Garga.
260 _aHātharasa :
_bSangīta-Kāryālaya,
_c1966.
300 _a23, 607 p.
_c25 cm.
500 _aIn Hindi.
504 _aBibliographical footnotes.
650 0 _aMusic
_zIndia
_xHistory and criticism.
700 0 _aSumitrākumārī,
_d1927-
700 1 _aGarga, Lakshmīnārāyaṇa.
999 _c76953
_d76953